Demasiado bueno para ser cierto
Na minha lista:
| Autor principal: | |
|---|---|
| Formato: | Livro |
| Idioma: | espanhol |
| Publicado em: |
Buenos Aires
Sudamericana
1963
|
| Colecção: | Obras Completas de Bernard Shaw. Teatro
|
| Assuntos: | |
| Tags: |
Adicionar Tag
Sem tags, seja o primeiro a adicionar uma tag!
|
MARC
| LEADER | 00000nam a2200000 a 4500 | ||
|---|---|---|---|
| 001 | UCT5402 | ||
| 003 | CL-VaPUC | ||
| 008 | 961206e19630000AG |||||||||||||||||spa|d | ||
| 082 | 0 | 4 | |a 822 |b SHA |2 21 |
| 100 | 0 | |a Shaw, Bernard |e author |9 349946 | |
| 245 | 1 | 0 | |a Demasiado bueno para ser cierto |
| 246 | 1 | 0 | |a Galanteo de pueblo chico |
| 246 | 1 | 0 | |a En la ruina |
| 300 | |a 377 p | ||
| 942 | |c BK | ||
| 945 | |d 19961206 00:00:00 |a rleighto | ||
| 260 | |a Buenos Aires |b Sudamericana |c 1963 | ||
| 650 | 0 | |a Dramas ingleses |9 269396 | |
| 583 | |a last modification |c 19961206 00:00:00 |k Rodrigo Vera | ||
| 490 | 0 | |a Obras Completas de Bernard Shaw. Teatro | |
| 999 | |c 254343 |d 254341 | ||
| 952 | |0 0 |1 0 |4 0 |6 822_000000000000000_SHA_1963 |7 0 |8 A |9 275968 |a BIBEDU |b BIBEDU |d 2019-11-19 |i 3258564 |o 822 SHA 1963 |p 3258564 |r 2019-11-19 |w 2019-11-19 |y BK |k LIT | ||